An introduction to Russian history and culture

Gorde:
Xehetasun bibliografikoak
Egile nagusia: Ivar Spector
Formatua: Liburua
Hizkuntza:Undetermined
Argitaratua: Toronto D. van Nostrand 1965
Gaiak:
Etiketak: Etiketa erantsi
Etiketarik gabe, Izan zaitez lehena erregistro honi etiketa jartzen!
Thư viện lưu trữ: Trung tâm Học liệu Trường Đại học Cần Thơ
LEADER 00512nam a2200181Ia 4500
001 CTU_10815
008 210402s9999 xx 000 0 und d
082 |a 947 
082 |b S741 
100 |a Ivar Spector 
245 3 |a An introduction to Russian history and culture 
245 0 |c Ivar Spector 
260 |a Toronto 
260 |b D. van Nostrand 
260 |c 1965 
650 |a russia - history,russia - intellectual life 
904 |i Minh, 961012 
980 |a Trung tâm Học liệu Trường Đại học Cần Thơ